Mengekalkan daya ingatan

Bibliographic Details
Main Author: Noraini Ahmad
Format: Book
Published: K.Lumpur : Berita Publishing , 1994
Subjects:

MARC

LEADER 00000cam a2200000 7i4500
001 0000006254
002 000006751
005 20000330.0
020 |a 967963147 
090 0 0 |a 153.14   |b NOR 
100 0 |a Noraini Ahmad 
245 1 0 |a Mengekalkan daya ingatan   |c Noraini Ahmad 
260 |a K.Lumpur :   |b Berita Publishing ,   |c 1994 
300 |a 72p. ;   |c 22cm. 
650 0 0 |a Mnemonics 
999 |a 039055   |b BUKU   |c PINJAMAN   |e PERPUSTAKAAN KOMUNITI PETALING JAYA 
999 |a 039056   |b BUKU   |c PINJAMAN   |e PERPUSTAKAAN KOMUNITI PETALING JAYA